[Event "Sparkassen Open A"]
[Site "Dortmund GER"]
[Date "2011.07.23"]
[Round "1.1"]
[White "Zaitsev, Mikhail"]
[Black "Chapman, Alan D"]
[Result "1-0"]
[WhiteTitle "IM"]
[WhiteElo "2499"]
[BlackElo "2043"]
[WhiteFideId "4127560"]
[BlackFideId "406937"]
[EventDate "2011.07.23"]

1. e4 g6 2. d4 Bg7 3. Nf3 d5 4. exd5 Qxd5 5. Nc3 Qa5 6. Bc4 c6 7. O-O Nf6 8. Re1
Bf5 9. h3 b5 10. Bb3 b4 11. Na4 e6 12. a3 bxa3 13. Rxa3 Qc7 14. Nc5 h5 15. Ne5
Bf8 16. Qf3 h4 17. Nxg6 Bxc5 18. Qxf5 Nbd7 19. dxc5 O-O-O 20. Ne7+ Kb8 21. Qf3
Rhe8 22. Nxc6+ 1-0

[Event "Sparkassen Open A"]
[Site "Dortmund GER"]
[Date "2011.07.23"]
[Round "1.2"]
[White "Fichtner, Ewald"]
[Black "Jesse, Ingemars"]
[Result "0-1"]
[WhiteElo "2038"]
[BlackElo "2270"]
[WhiteFideId "1270194"]
[BlackFideId "11602724"]
[EventDate "2011.07.23"]

1. d4 Nf6 2. c4 g6 3. Nc3 Bg7 4. e4 O-O 5. Nf3 c6 6. Be2 d5 7. cxd5 cxd5 8. e5
Ne4 9. Qb3 Nxc3 10. bxc3 Nc6 11. O-O Na5 12. Qa3 Bg4 13. h3 Bxf3 14. Bxf3 e6 15.
Be2 Qc7 16. Rb1 Rfc8 17. Bd2 Bf8 18. Qb2 Rab8 19. Rfc1 Nc4 20. Bxc4 Qxc4 21. Qb3
b5 22. Rc2 a6 23. Rcb2 Qd3 24. Rd1 Qc4 25. Rdb1 Ra8 26. Qd1 Rc7 27. h4 Rac8 28.
Qg4 Qd3 29. Be1 h5 30. Qd1 Qxd1 31. Rxd1 Be7 32. g3 Rc4 33. Kf1 Bd8 34. Rb3 Ra4
35. Rd2 Ba5 36. Rdb2 Rcc4 37. Ke2 Bd8 38. Rb4 Be7 39. Rxa4 Rxa4 40. Bd2 Kf8 41.
Kd3 Ra5 42. Bg5 Ke8 43. Bxe7 Kxe7 44. Kd2 Kd7 45. Rc2 Kc6 46. Kc1 Kb7 47. Kb2
Ra4 48. Kb3 Rc4 49. a3 a5 50. Rb2 b4 51. axb4 axb4 52. cxb4 Rxd4 53. Re2 Kb6 54.
Ka4 Rd3 55. Re3 Rd2 56. Rf3 Ra2+ 57. Kb3 Ra7 58. Rc3 Rd7 59. Rc2 Rd8 60. Rc1 Rg8
61. Rc3 Ra8 62. Rc1 Rd8 63. Rc2 Ra8 64. Rc1 Kb7 65. Kb2 Ra6 66. Kb3 Ra8 67. Kb2
Rf8 68. Rc3 Re8 69. Rf3 Re7 70. Rc3 Rd7 71. Kb3 Kb6 72. Rc2 Ra7 73. Rc1 Ra6 74.
Kb2 Kb5 75. Kb3 Rc6 76. Rxc6 Kxc6 77. Kc2 Kb5 78. Kb3 Kb6 79. Kb2 Kc7 80. Kc3
Kd7 81. Kd4 Kc6 82. Kc3 Kb5 83. Kb3 d4 84. f3 d3 85. Kc3 d2 86. Kxd2 Kxb4 87.
Ke3 Kc5 88. Ke4 Kc4 89. g4 Kc5 90. gxh5 gxh5 91. f4 Kc6 92. f5 Kc5 93. fxe6 fxe6
94. Kf4 Kd4 95. Kg5 Kxe5 96. Kxh5 Kf5 97. Kh6 e5 98. h5 e4 99. Kg7 e3 100. h6 e2
101. h7 e1=Q 102. h8=Q Qe7+ 103. Kh6 Qg5+ 104. Kh7 Qg6# 0-1

[Event "Sparkassen Open A"]
[Site "Dortmund GER"]
[Date "2011.07.23"]
[Round "1.3"]
[White "De Schampheleire, Glen"]
[Black "Weber, Martin"]
[Result "1-0"]
[WhiteTitle "FM"]
[WhiteElo "2263"]
[BlackElo "2033"]
[WhiteFideId "208701"]
[BlackFideId "12901369"]
[EventDate "2011.07.23"]

1. d4 Nc6 2. Nf3 d5 3. c4 e5 4. dxe5 Bb4+ 5. Bd2 dxc4 6. Qa4 Qe7 7. a3 Bxd2+ 8.
Nbxd2 Bd7 9. Qxc4 Nxe5 10. Qc3 f6 11. e3 Bc6 12. Nd4 Bd5 13. e4 O-O-O 14. Be2
Be6 15. Rc1 c6 16. f4 Nf7 17. b4 Qd6 18. Nxe6 Qxe6 19. b5 Kb8 20. bxc6 Qxc6 21.
Qxc6 bxc6 22. Rxc6 Ne7 23. Rc2 Rd4 24. Kf2 Nc8 25. Rb1+ Nb6 26. Rb4 Rxb4 27.
axb4 Rd8 28. Ke3 f5 29. exf5 Nd6 30. g4 Nd5+ 31. Kf3 Nxb4 32. Rb2 a5 33. Nb3 Nb7
34. Nxa5 1-0

[Event "Sparkassen Open A"]
[Site "Dortmund GER"]
[Date "2011.07.23"]
[Round "1.4"]
[White "Freise, Eckhard"]
[Black "Mulder, Bart-Piet"]
[Result "1-0"]
[WhiteElo "2032"]
[BlackElo "2260"]
[WhiteFideId "4652193"]
[BlackFideId "1006070"]
[EventDate "2011.07.23"]

1. d4 d5 2. c4 dxc4 3. Nf3 Nf6 4. Qa4+ Nc6 5. g3 a6 6. Qxc4 Be6 7. Qd3 Nb4 8.
Qd1 c5 9. Bg2 Bd5 10. dxc5 Bxf3 11. Bxf3 Qxd1+ 12. Kxd1 O-O-O+ 13. Nd2 e5 14. a3
Nbd5 15. e4 Ne7 16. Ke2 Nc6 17. Nb3 Bxc5 18. Be3 Bxe3 19. fxe3 Rd6 20. Rhd1 Rhd8
21. Rxd6 Rxd6 22. Rc1 b6 23. Nd2 Kb7 24. b4 Na7 25. a4 Nc6 26. Nc4 Re6 27. Rb1
b5 28. axb5 axb5 29. Nd2 Kb6 30. Kd3 Re7 31. Kc3 Ra7 32. Bd1 Ne8 33. Bb3 Nd6 34.
Bd5 f6 35. Nb3 Re7 36. Ra1 g6 37. Nc5 g5 38. Ra6+ Kc7 1-0

[Event "Sparkassen Open A"]
[Site "Dortmund GER"]
[Date "2011.07.23"]
[Round "1.5"]
[White "Savchenko, Aleksij"]
[Black "Mundorf, Johannes"]
[Result "1/2-1/2"]
[WhiteElo "2257"]
[BlackElo "2024"]
[WhiteFideId "24611727"]
[BlackFideId "24672491"]
[EventDate "2011.07.23"]

1. d4 e6 2. Nf3 f5 3. c4 Nf6 4. g3 d5 5. Bg2 c6 6. O-O Bd6 7. b3 Qe7 8. a4 a5 9.
Ba3 Bxa3 10. Nxa3 O-O 11. Ne5 Nbd7 12. Nxd7 Bxd7 13. Qd3 Rfd8 14. Rfd1 Rac8 15.
Qd2 b6 16. Qb2 Be8 17. Rac1 Ne4 18. Nc2 Bh5 19. Ne1 c5 20. dxc5 bxc5 21. Bxe4 1/2-1/2

[Event "Sparkassen Open A"]
[Site "Dortmund GER"]
[Date "2011.07.23"]
[Round "1.8"]
[White "Fischoeder, Heiko"]
[Black "Bomans, Arno"]
[Result "0-1"]
[WhiteElo "1989"]
[BlackElo "2198"]
[WhiteFideId "4692942"]
[BlackFideId "206024"]
[EventDate "2011.07.23"]

1. e4 c6 2. d4 d5 3. e5 Bf5 4. h4 h5 5. c4 e6 6. Nc3 Ne7 7. Bg5 dxc4 8. Bxc4 Qb6
9. Qd2 Nd7 10. Be3 Nd5 11. Bxd5 cxd5 12. Nge2 Qa6 13. O-O Nb6 14. Ng3 Bg6 15.
Bg5 Bb4 16. f4 Bd3 17. Rfd1 Bb5 18. f5 Bd7 19. a3 Ba5 20. Qf2 Nc4 21. Qf3 Nxb2
22. Nxh5 Rh7 23. fxe6 Bxe6 24. Rf1 Qd3 25. Nxg7+ Rxg7 26. Qf6 Rxg5 27. hxg5 Bxc3
28. Qh8+ Kd7 29. Qxa8 Bxd4+ 30. Rf2 Nd1 31. Qxb7+ Kd8 32. Qb8+ Bc8 33. Ra2 Nxf2 0-1

[Event "Sparkassen Open A"]
[Site "Dortmund GER"]
[Date "2011.07.23"]
[Round "1.9"]
[White "Merkel, Markus"]
[Black "Eigemann, Frederik"]
[Result "1/2-1/2"]
[WhiteElo "2197"]
[BlackElo "1976"]
[WhiteFideId "4675657"]
[BlackFideId "24692034"]
[EventDate "2011.07.23"]

1. Nf3 Nf6 2. g3 b6 3. Bg2 Bb7 4. c4 c5 5. O-O e6 6. Nc3 Be7 7. d4 cxd4 8. Qxd4
Nc6 9. Qf4 d6 10. b3 a6 11. Rd1 Qc7 12. Ba3 Ne5 13. Nxe5 dxe5 14. Qc1 Bxg2 15.
Kxg2 O-O 16. Bxe7 Qxe7 17. Qe3 Qc7 18. f3 Rfd8 19. Na4 Nd7 20. Rd3 b5 21. cxb5
axb5 22. Rc1 Qb8 23. Rxd7 Rxd7 24. Nb6 Rd5 25. Nxa8 Qxa8 26. Qc3 h6 27. Qc8+
Qxc8 28. Rxc8+ Kh7 29. Kf2 Kg6 30. Ke3 Rd4 31. Rc7 Kf6 32. Rc5 Rb4 33. Kd3 Rd4+
34. Kc3 b4+ 35. Kc2 Rd5 36. Rc4 Rb5 37. Kd3 Rb7 38. Kc2 Ke7 39. Kb2 Kd6 40. a4
bxa3+ 41. Kxa3 Ra7+ 42. Kb2 f5 43. h4 g5 44. h5 g4 45. fxg4 Rg7 46. Kc3 e4 47.
gxf5 Rxg3+ 48. Kd4 exf5 49. Rb4 Kc6 50. Rc4+ Kd6 51. Ra4 1/2-1/2

[Event "Sparkassen Open A"]
[Site "Dortmund GER"]
[Date "2011.07.23"]
[Round "1.10"]
[White "Peter, Sebastian"]
[Black "Kartsev, Alexandr"]
[Result "1/2-1/2"]
[WhiteElo "1974"]
[BlackElo "2196"]
[WhiteFideId "24643521"]
[BlackFideId "24647110"]
[EventDate "2011.07.23"]

1. e4 c6 2. c4 d5 3. cxd5 cxd5 4. exd5 Nf6 5. Nc3 Nxd5 6. Nf3 Nc6 7. Bb5 e6 8.
O-O Be7 9. Ne5 Qc7 10. Re1 O-O 11. Nxd5 exd5 12. d4 Be6 13. Nxc6 bxc6 14. Bd3
Rab8 15. Qh5 g6 16. Qh6 Rfc8 17. Bf4 Bd6 18. Be5 Bxe5 19. Rxe5 Rxb2 20. Rae1 Qe7
21. Rh5 f5 22. Rh3 Re8 23. Rxe6 Qxe6 24. Qxh7+ Kf8 25. Re3 Qf6 26. Qh6+ Kf7 27.
Qh7+ 1/2-1/2

[Event "Sparkassen Open A"]
[Site "Dortmund GER"]
[Date "2011.07.23"]
[Round "1.11"]
[White "Kuznetsov, Mark"]
[Black "Tran, Duc Cuong"]
[Result "1/2-1/2"]
[WhiteElo "2184"]
[BlackElo "1974"]
[WhiteFideId "24648019"]
[BlackFideId "24689718"]
[EventDate "2011.07.23"]

1. Nf3 d6 2. d4 Nf6 3. g3 g6 4. b3 Bg7 5. Bb2 O-O 6. Bg2 c5 7. c4 Nc6 8. O-O Bd7
9. Nbd2 cxd4 10. Nxd4 Qa5 11. e4 Rac8 12. Nc2 Bh6 13. Nb1 Bg7 14. Ne3 Rfd8 15.
Bc3 Qa6 16. Qe2 e5 17. a4 Be6 18. Qb2 Nd4 19. Na3 Qc6 20. Nb5 Nxb5 21. axb5 Qc5
22. Ra4 Bh6 23. Re1 Ra8 24. Bb4 Qc7 25. Nc2 Nd7 26. Rea1 b6 27. Rd1 Nc5 28. Raa1
Rd7 1/2-1/2

[Event "Sparkassen Open A"]
[Site "Dortmund GER"]
[Date "2011.07.23"]
[Round "1.12"]
[White "Kelm, Marcel"]
[Black "Ciornei, Dragos"]
[Result "0-1"]
[WhiteElo "1972"]
[BlackElo "2182"]
[WhiteFideId "4675770"]
[BlackFideId "4619200"]
[EventDate "2011.07.23"]

1. Nf3 Nf6 2. g3 g6 3. b3 Bg7 4. Bb2 O-O 5. Bg2 d6 6. d4 c5 7. c4 Nc6 8. Nc3 Rb8
9. O-O a6 10. d5 Na5 11. Qc2 b5 12. Nd2 bxc4 13. Nxc4 Nxc4 14. bxc4 Bf5 15. Qd2
Ne4 16. Bxe4 Bxe4 17. Nd1 Bxb2 18. Nxb2 Qb6 19. Nd3 Rb7 20. f3 Bxd3 21. Qxd3
Rfb8 22. Rab1 Qxb1 23. Rxb1 Rxb1+ 24. Kf2 R1b2 25. Qe3 Rxa2 26. Qxe7 Rbb2 27.
Qxd6 Rxe2+ 28. Kf1 Reb2 0-1

[Event "Sparkassen Open A"]
[Site "Dortmund GER"]
[Date "2011.07.23"]
[Round "1.14"]
[White "Puetter, Pascal"]
[Black "Quast, Marcel"]
[Result "0-1"]
[WhiteElo "1965"]
[BlackElo "2173"]
[WhiteFideId "1271567"]
[BlackFideId "24663476"]
[EventDate "2011.07.23"]

1. Nf3 f5 2. e4 fxe4 3. Ng5 Nc6 4. d3 e3 5. Bxe3 e5 6. Be2 Nf6 7. O-O Be7 8. Ne4
O-O 9. Nxf6+ Bxf6 10. c3 d5 11. d4 exd4 12. Bxd4 Nxd4 13. cxd4 c6 14. Nc3 Qb6
15. Qc2 Bxd4 16. Bd3 g6 17. Bxg6 hxg6 18. Qxg6+ Bg7 19. Rae1 Bf5 20. Qg5 Rf7 21.
Re5 Raf8 22. h4 Bd3 0-1

[Event "Sparkassen Open A"]
[Site "Dortmund GER"]
[Date "2011.07.23"]
[Round "1.15"]
[White "Mazarov, Juergen"]
[Black "Mackowiak, Sascha"]
[Result "1/2-1/2"]
[WhiteElo "2172"]
[BlackElo "1964"]
[WhiteFideId "24617768"]
[BlackFideId "24619299"]
[EventDate "2011.07.23"]

1. e4 e6 2. d4 d5 3. Nd2 Nf6 4. e5 Nfd7 5. f4 c5 6. c3 Nc6 7. Ndf3 Qb6 8. h4 f6
9. a3 cxd4 10. cxd4 Be7 11. Bd3 O-O 12. Nh3 h6 13. h5 fxe5 14. dxe5 Nc5 15. Bc2
Ne4 16. Qd3 Bd7 17. Be3 Bc5 18. Bxc5 Qxc5 19. O-O-O Rac8 20. Kb1 Na5 21. Nd4 Qb6
22. Ka2 Nc4 23. Rb1 Ncd2 24. Rbd1 Nc4 25. Rb1 Ncd2 26. Rbd1 Nc4 1/2-1/2

[Event "Sparkassen Open A"]
[Site "Dortmund GER"]
[Date "2011.07.23"]
[Round "1.16"]
[White "Simon, Thomas"]
[Black "Wittenberg, Andreas"]
[Result "1/2-1/2"]
[WhiteElo "1963"]
[BlackElo "2166"]
[WhiteFideId "24645990"]
[BlackFideId "24678155"]
[EventDate "2011.07.23"]

1. Nf3 e6 2. g3 b6 3. Bg2 Bb7 4. O-O Nf6 5. c4 c5 6. d4 cxd4 7. Qxd4 Be7 8. Bg5
O-O 9. Nc3 h6 10. Bxf6 Bxf6 11. Qf4 Na6 12. Rfd1 Qe7 13. Qd6 Qxd6 14. Rxd6 Bxc3
15. bxc3 Nc5 16. Ne5 Bxg2 17. Kxg2 Rfc8 18. Rad1 Rc7 19. Nxd7 Nxd7 20. Rxd7 Rxc4
21. Rb7 a5 22. Rdd7 Rf8 23. Rxb6 Rxc3 24. Ra7 Ra3 25. Rb2 Rc8 26. Rbb7 Rf8 27.
Rb2 1/2-1/2

[Event "Sparkassen Open A"]
[Site "Dortmund GER"]
[Date "2011.07.23"]
[Round "1.17"]
[White "Luncescu, Christian"]
[Black "Hagedorn, Alfons"]
[Result "1-0"]
[WhiteElo "2163"]
[BlackElo "1958"]
[WhiteFideId "4648935"]
[BlackFideId "24651508"]
[EventDate "2011.07.23"]

1. e4 c5 2. Nc3 Nc6 3. g3 g6 4. Bg2 Bg7 5. d3 e5 6. Be3 d6 7. Qd2 Nge7 8. Bh6
O-O 9. h4 f5 10. h5 Rf7 11. hxg6 hxg6 12. exf5 Bxf5 13. Bxg7 Rxg7 14. Qh6 Nd4
15. O-O-O Kf7 16. Nh3 Bxh3 17. Qxh3 Qa5 18. Bxb7 Rb8 19. Qd7 Kg8 20. Nd5 Qd8 21.
Nxe7+ Rxe7 22. Bd5+ Kg7 23. Qh3 Ne2+ 24. Kd2 Nd4 25. Qh6+ Kf6 26. Rb1 Nf5 27.
Qh3 Qa5+ 28. c3 Qa4 29. Bb3 Rxb3 30. axb3 Qxb3 31. Qh8+ Ng7 32. Qf8+ Qf7 33.
Qxf7+ Rxf7 34. Rh7 Kf5 35. Ra1 g5 36. Ra6 Kg6 37. Rh2 Rd7 38. Rh8 Kf5 39. Ra8
Rb7 40. R6xa7 Rxb2+ 41. Kc1 Re2 42. Rxg7 Kg4 43. Rf8 1-0

[Event "Sparkassen Open A"]
[Site "Dortmund GER"]
[Date "2011.07.23"]
[Round "1.18"]
[White "Shishkov, Mark"]
[Black "Pueschel, Werner"]
[Result "0-1"]
[WhiteElo "1954"]
[BlackElo "2163"]
[WhiteFideId "12911682"]
[BlackFideId "4647025"]
[EventDate "2011.07.23"]

1. d4 Nf6 2. c4 c5 3. d5 e6 4. Nc3 exd5 5. cxd5 d6 6. Nf3 g6 7. e4 Bg7 8. Bd3
O-O 9. O-O a6 10. a4 Bg4 11. h3 Bxf3 12. Qxf3 Nbd7 13. Bf4 Qc7 14. Rfe1 Rfe8 15.
Bc4 Nh5 16. Bh2 Ne5 17. Qe2 Bh6 18. Qf1 Qb6 19. Reb1 Qb4 20. Be2 Nf4 21. g3
Nxe2+ 22. Qxe2 Rad8 23. Kg2 Nc4 24. f4 b5 25. axb5 axb5 26. Nxb5 Qxb5 27. b3 Na3
28. Qxb5 Nxb5 0-1

[Event "Sparkassen Open A"]
[Site "Dortmund GER"]
[Date "2011.07.23"]
[Round "1.19"]
[White "Baumhackel, Mario"]
[Black "Henrotte, Nils"]
[Result "1/2-1/2"]
[WhiteElo "2157"]
[BlackElo "1951"]
[WhiteFideId "4636953"]
[BlackFideId "12923311"]
[EventDate "2011.07.23"]

1. d4 Nf6 2. Nf3 d5 3. g3 Bf5 4. Bg2 c6 5. O-O h6 6. c4 e6 7. Nc3 Be7 8. b3 Nbd7
9. Bb2 O-O 10. a3 Ne4 11. Nd2 Nxc3 12. Bxc3 Nf6 13. Re1 Re8 14. f3 h5 15. Kh1 h4
16. e4 dxe4 17. fxe4 Bg4 18. Bf3 Bxf3+ 19. Qxf3 hxg3 20. Rg1 c5 21. d5 exd5 22.
cxd5 Bd6 23. e5 Bxe5 24. Bxe5 Rxe5 25. Qxg3 Qxd5+ 26. Nf3 Nh5 27. Qxe5 Qxf3+ 28.
Rg2 g6 29. Qe2 Qxe2 30. Rxe2 Kf8 1/2-1/2

[Event "Sparkassen Open A"]
[Site "Dortmund GER"]
[Date "2011.07.23"]
[Round "1.20"]
[White "Schaller, Fabian"]
[Black "Kirsanova, Ekaterina"]
[Result "0-1"]
[BlackTitle "WFM"]
[WhiteElo "1944"]
[BlackElo "2157"]
[WhiteFideId "12910422"]
[BlackFideId "4168810"]
[EventDate "2011.07.23"]

1. e4 c5 2. Nf3 e6 3. d4 cxd4 4. Nxd4 Nf6 5. Nc3 Nc6 6. Be3 Bb4 7. f3 d5 8. Bb5
Qc7 9. Qd3 O-O 10. Bxc6 bxc6 11. exd5 cxd5 12. Bd2 e5 13. Nde2 e4 14. fxe4 dxe4
15. Qe3 Bc5 16. Qf4 Qe7 17. Qg3 Ng4 18. Nd1 e3 19. Bc3 f5 20. Qf4 Bd6 21. Qd4 f4
22. h4 Bb7 23. Rf1 Rf7 24. b3 Rd8 25. Nb2 Bb8 26. Qa4 Qxh4+ 27. g3 fxg3 28. Bd4
g2+ 29. Kd1 gxf1=Q# 0-1

[Event "Sparkassen Open A"]
[Site "Dortmund GER"]
[Date "2011.07.23"]
[Round "1.21"]
[White "Steinle, Carsten"]
[Black "Hobusch, Jan"]
[Result "0-1"]
[WhiteElo "2146"]
[BlackElo "1934"]
[WhiteFideId "24676462"]
[BlackFideId "12907634"]
[EventDate "2011.07.23"]

1. d4 d5 2. Nf3 Nf6 3. e3 Bg4 4. Be2 Bxf3 5. Bxf3 e6 6. O-O Be7 7. c4 c6 8. b3
O-O 9. Nc3 Nbd7 10. Bb2 a5 11. Qc2 Rc8 12. Rad1 b5 13. Qd3 bxc4 14. bxc4 Rb8 15.
Rd2 Nb6 16. cxd5 cxd5 17. Ba1 Nc4 18. Re2 Nd6 19. Rb1 Rxb1+ 20. Qxb1 Qc7 21. g3
Rb8 22. Qd3 Qc4 23. Qd1 Qa6 24. Rc2 Rc8 25. Be2 Nc4 26. a4 h6 27. Bd3 Qb7 28.
Nb5 Na3 29. Rxc8+ Qxc8 30. Bb2 Nxb5 31. axb5 Nd7 32. e4 Nb6 33. exd5 exd5 34.
Bb1 Bb4 35. Qd3 g6 36. h4 Qc4 37. Qe3 Qxb5 38. Qxh6 Qe2 39. Bc1 Bf8 40. Qf4 Qd1+
41. Kg2 Qb3 42. Bxg6 fxg6 43. Qf6 Qb1 44. Kh2 Bg7 45. Qe6+ Kh7 46. Bf4 Nc4 47.
Qxd5 Qd3 48. h5 Qxd4 49. hxg6+ Kxg6 50. Qg5+ Kf7 51. Qf5+ Bf6 52. Qh7+ Ke8 53.
Qh5+ Kd7 54. Qf7+ Kc6 55. Qe8+ Kc5 56. Qc8+ Kb4 57. Qb7+ Kc3 58. Kg2 a4 59. Qb1
a3 60. Qa2 Qe4+ 61. Kg1 Qc2 62. Qa1+ Qb2 63. Qe1+ Kb3 64. Bc1 Qc3 65. Qd1+ Qc2
66. Qf3+ Bc3 0-1

[Event "Sparkassen Open A"]
[Site "Dortmund GER"]
[Date "2011.07.23"]
[Round "1.22"]
[White "Schmitz, Tim"]
[Black "Hillebrand, Carsten"]
[Result "1-0"]
[WhiteElo "1934"]
[BlackElo "2145"]
[WhiteFideId "1270221"]
[BlackFideId "12905950"]
[EventDate "2011.07.23"]

1. e4 c5 2. c3 d6 3. d4 Nd7 4. Nf3 e6 5. Bd3 Ngf6 6. O-O e5 7. Nbd2 Be7 8. Nc4
Qc7 9. Ne3 O-O 10. Nf5 Nb6 11. Bg5 Bxf5 12. exf5 Rfe8 13. Re1 Nbd7 14. h3 Bf8
15. dxe5 dxe5 16. Bc4 a6 17. a4 Nb6 18. Ba2 Rac8 19. Bxf6 gxf6 20. Nh2 Bg7 21.
Re4 Qc6 22. Rh4 Qd7 23. Qh5 h6 24. Ng4 Kf8 25. Nxh6 Bxh6 26. Qxh6+ Ke7 27. Qh5
Rf8 28. Rd1 Qc7 29. Qe2 Rcd8 30. a5 Rxd1+ 31. Qxd1 Nc8 32. Qd5 Nd6 33. Rh7 c4
34. Qe6+ Kd8 35. Qd5 Kc8 36. Rh6 Qe7 37. Qc5+ Kb8 38. Bxc4 Nxc4 39. Qxe7 1-0

[Event "Sparkassen Open A"]
[Site "Dortmund GER"]
[Date "2011.07.23"]
[Round "1.23"]
[White "Hobusch, Alexander"]
[Black "Ehrlacher, Markus"]
[Result "1-0"]
[WhiteElo "2133"]
[BlackElo "1928"]
[WhiteFideId "24611387"]
[BlackFideId "4699696"]
[EventDate "2011.07.23"]

1. d4 e6 2. Nf3 f5 3. g3 Nf6 4. Bg2 d5 5. O-O Bd6 6. c4 c6 7. Nbd2 O-O 8. Ne5
Nbd7 9. Ndf3 Ne4 10. Qc2 Qf6 11. Bf4 h6 12. c5 Bb8 13. Nxd7 Bxd7 14. Bxb8 Raxb8
15. Ne5 Be8 16. Bxe4 fxe4 17. f3 Qg5 18. Qc1 Qxc1 19. Raxc1 exf3 20. exf3 Rc8
21. Rc3 Rf6 22. Re1 Bg6 23. Ra3 a6 24. Ng4 Rff8 25. Ne5 Rf6 26. Ree3 Rc7 27.
Reb3 Bc2 28. Rb6 Rf8 29. Rc3 Bb1 30. Rcb3 Bxa2 31. Rxb7 Bxb3 32. Rxc7 Ba4 33.
Ra7 Bb5 34. Kf2 Rb8 35. Nd7 Rd8 36. h4 a5 37. Ke3 g6 38. Kf4 a4 39. Nf6+ Kf8 40.
Ke5 Be2 41. Kxe6 1-0

[Event "Sparkassen Open A"]
[Site "Dortmund GER"]
[Date "2011.07.23"]
[Round "1.24"]
[White "Henkemeier, Michael"]
[Black "Koke, Christoph"]
[Result "0-1"]
[WhiteElo "1917"]
[BlackElo "2131"]
[WhiteFideId "24611379"]
[BlackFideId "4693213"]
[EventDate "2011.07.23"]

1. d4 Nf6 2. c4 e6 3. Nc3 Bb4 4. e3 b6 5. Nf3 Bb7 6. Be2 O-O 7. O-O d6 8. Bd2
Nbd7 9. a3 Bxc3 10. Bxc3 Ne4 11. Rc1 Qe7 12. Nd2 Nxc3 13. Rxc3 e5 14. d5 a5 15.
e4 a4 16. f4 exf4 17. Rxf4 Nc5 18. Qc2 Rae8 19. Rg3 Bc8 20. Qc3 Qe5 21. Qxe5
Rxe5 22. Bd1 Ba6 23. Bc2 Re7 24. Kf2 g6 25. Ke3 f5 26. Kd4 fxe4 27. Rxf8+ Kxf8
28. Nxe4 Nxe4 29. Bxe4 Bxc4 30. Bc2 Bb5 31. Kc3 Re5 32. Rh3 Kg7 33. Kd4 c5+ 34.
dxc6 Bxc6 35. Rc3 Bxg2 36. Bxa4 Re4+ 0-1

[Event "Sparkassen Open A"]
[Site "Dortmund GER"]
[Date "2011.07.23"]
[Round "1.25"]
[White "Beutelhoff, Josef"]
[Black "Ditmas, Hugh"]
[Result "1/2-1/2"]
[WhiteElo "2128"]
[BlackElo "1912"]
[WhiteFideId "4621336"]
[BlackFideId "1270666"]
[EventDate "2011.07.23"]

1. d4 Nf6 2. c4 e6 3. g3 d5 4. Nf3 c6 5. b3 Be7 6. Bg2 b6 7. O-O Bb7 8. Bb2 O-O
9. Nbd2 Nbd7 10. Ne5 Nxe5 11. dxe5 Nd7 12. e4 Nc5 13. exd5 cxd5 14. Qe2 Qd7 15.
Rfd1 Rfd8 16. cxd5 Bxd5 17. Bxd5 Qxd5 18. Nc4 Qe4 19. Qxe4 Nxe4 20. f3 Bc5+ 21.
Kf1 Nf2 22. Rxd8+ Rxd8 23. Ke2 Nh3 24. Ne3 h5 25. f4 Nf2 26. Bc1 Ne4 1/2-1/2

[Event "Sparkassen Open A"]
[Site "Dortmund GER"]
[Date "2011.07.23"]
[Round "1.26"]
[White "Schuetzhold, Frank"]
[Black "Schiefelbusch, Dirk"]
[Result "1/2-1/2"]
[WhiteElo "1908"]
[BlackElo "2128"]
[WhiteFideId "4624980"]
[BlackFideId "4694139"]
[EventDate "2011.07.23"]

1. b3 d5 2. Bb2 Bg4 3. g3 e6 4. Bg2 Nf6 5. Nf3 Be7 6. O-O O-O 7. d3 c5 8. Nbd2
Nc6 9. h3 Bh5 10. e4 h6 11. g4 Bg6 12. Qe2 Rc8 13. c4 Re8 14. Ne5 Nxe5 15. Bxe5
dxc4 16. dxc4 Nd7 17. Bc3 Bf6 18. Bxf6 Qxf6 19. Nf3 Rcd8 20. Rad1 h5 21. e5 Qf4
22. Nh4 Bh7 23. Bxb7 hxg4 24. Ng2 Qxe5 25. Qxg4 Nf6 26. Rxd8 Rxd8 27. Rd1 Rxd1+
28. Qxd1 Bf5 29. h4 Ng4 30. Qd8+ Kh7 31. Qd2 Qa1+ 32. Ne1 Qf6 33. Nf3 Qa1+ 34.
Kg2 f6 35. Qe2 Qc3 36. Be4 Nh6 37. Bxf5+ Nxf5 38. Qe4 Kh6 39. Nh2 Qd4 40. Qxe6
Nxh4+ 41. Kg3 g5 42. Ng4+ Kg7 43. Qe7+ Kg6 44. Qe8+ Kg7 45. Qe7+ 1/2-1/2

[Event "Sparkassen Open A"]
[Site "Dortmund GER"]
[Date "2011.07.23"]
[Round "1.27"]
[White "Kropp, Andreas Juergen"]
[Black "Elefteriadis, Paul-Gabriel"]
[Result "1-0"]
[WhiteElo "2126"]
[BlackElo "1905"]
[WhiteFideId "1271711"]
[BlackFideId "24626236"]
[EventDate "2011.07.23"]

1. d4 Nf6 2. Nf3 b6 3. Bg5 Bb7 4. Nc3 d5 5. e3 e6 6. Bd3 Be7 7. Ne5 O-O 8. Qf3
c5 9. O-O Nc6 10. Qh3 h6 11. Bf4 Nxe5 12. Bxe5 Ne4 13. Bxe4 dxe4 14. Qg4 g5 15.
Rad1 Qe8 16. d5 f5 17. Qe2 exd5 18. Nxd5 Bxd5 19. Rxd5 Qf7 20. Rfd1 Rad8 21. c4
Qe6 22. Bc7 Rxd5 23. cxd5 Qd7 24. Qh5 Qxc7 25. Qg6+ Kh8 26. Qxh6+ Kg8 27. Qg6+
Kh8 28. d6 Qd7 29. Qh5+ Kg7 30. dxe7 Qxe7 31. Rd5 Rf7 32. h4 gxh4 33. Rxf5 Rxf5
34. Qxf5 Kg8 35. Kh2 Kg7 36. Kh3 1-0

[Event "Sparkassen Open A"]
[Site "Dortmund GER"]
[Date "2011.07.23"]
[Round "1.28"]
[White "Henkemeier, Markus"]
[Black "Sundorf, Jannik"]
[Result "0-1"]
[WhiteElo "1895"]
[BlackElo "2121"]
[WhiteFideId "1271859"]
[BlackFideId "12905380"]
[EventDate "2011.07.23"]

1. e4 c5 2. Nc3 Nc6 3. g3 g6 4. Bg2 Bg7 5. d3 d6 6. Be3 e6 7. Qd2 Nge7 8. Bh6
O-O 9. h4 Nd4 10. O-O-O Nec6 11. h5 Qc7 12. Bxg7 Kxg7 13. Nf3 Nxf3 14. Bxf3 Nd4
15. Bg2 Rb8 16. e5 dxe5 17. Ne4 b6 18. Qg5 f6 19. hxg6 fxg5 20. Rxh7+ Kxg6 21.
Rxc7 Nb5 22. Re7 Rb7 23. Rxb7 Bxb7 24. Rh1 Nd6 25. f3 Nxe4 26. dxe4 g4 27. Rh4
gxf3 28. Bf1 Rd8 29. Bd3 Bc6 30. b3 f2 31. Rg4+ Kh5 32. Rg7 Rxd3 33. Rf7 Rxg3
34. Rxf2 Bxe4 35. Rf7 a5 0-1

[Event "Sparkassen Open A"]
[Site "Dortmund GER"]
[Date "2011.07.23"]
[Round "1.29"]
[White "Bramkamp, Rainer"]
[Black "Eckert, Marius"]
[Result "1/2-1/2"]
[WhiteElo "2115"]
[BlackElo "1894"]
[WhiteFideId "4667298"]
[BlackFideId "12922234"]
[EventDate "2011.07.23"]

1. e4 e5 2. Nf3 Nc6 3. Bb5 a6 4. Ba4 Nf6 5. O-O b5 6. Bb3 Be7 7. Re1 O-O 8. a4
Bb7 9. axb5 axb5 10. Rxa8 Qxa8 11. Nc3 Qa5 12. Nd5 d6 13. d3 Nxd5 14. Bxd5 Nd8
15. Bxb7 Nxb7 16. Bd2 Qa2 17. Qa1 Ra8 18. Qxa2 Rxa2 19. Bc1 c5 20. Kf1 Na5 21.
Ke2 Nc6 22. Kd1 Nb4 23. Kd2 Bd8 24. c3 Nc6 25. Kc2 b4 26. Bd2 bxc3 1/2-1/2